9-Letter Country Match-Up Quiz Stats

Quiz Updated Oct 23, 2016

Challenge
Share
Tweet
Score 0/16 Timer 01:30
1 Play Today
% Correct
Arg
96.4%
Aus
95.2%
Gua
84%
Nic
83.6%
Ind
82.6%
Swa
82%
Lit
80.5%
Ven
79.4%
% Correct
Cos
79.2%
Mau
72.6%
Mac
69.5%
Cab
67.9%
San
64.6%
Pal
63%
Sin
62.9%
The
61.1%

You're not logged in!

Compare scores with friends on all Sporcle quizzes.
Join for Free
OR
Log In

You Might Also Like...

Show Comments

Extras

Top Quizzes Today


Score Distribution

Your Account Isn't Verified!

In order to create a playlist on Sporcle, you need to verify the email address you used during registration. Go to your Sporcle Settings to finish the process.

Report this User

Report this user for behavior that violates our Community Guidelines.

Details: